000 00914nas a2200289 4500
001 BR8903409
003 BR-BrBNA
005 20231205091627.0
007 ta
008 230509b bl.|||p| |||| 00| 00por d
040 _aBR-BrBNA
_bpor
_cBiblioteca Nacional de Agricultura
041 _a(Pt)
072 _aF60; F61; F62
100 1 _aAlmeida, A.F. de
100 1 _aLopes, N.F.
100 1 _aOliva, M.A.
100 1 _aBarros, R.S.
245 1 _aDesenvolvimento e particao de assimilados em Phaseolus vulgaris submetido a tres doses de nitrogenio e tres niveis de luz
_bParte de tese
650 _aFEIJAO
650 _aRADIACAO SOLAR
650 _aCRESCIMENTO
650 _aNITROGENIO
650 _aMATERIA SECA
773 0 _tPesquisa Agropecuaria Brasileira (Brazil)
_xISSN 0100-204X
_g(Aug 1988), v. 23(8) p. 837-847
_wBR8903409
909 _a202311
_bLúcia
_c55
_dLúcia Elande
942 _2AGRIS
_n0
_cANA
999 _c126273
_d126273